Culture Générale - Série 2528 - Statistiques

Statistiques générales
  • Ce quiz a été pris 94 fois
  • Le résultat moyen est 4 sur 10
Statistiques - réponses
Question Réponse % Correct
Quel est le chef-lieu du département des Hautes-Alpes ? Gap
67%
Quel fleuve qui n'est pas beau traverse Rennes ? Vilaine
67%
Vêtement traditionnel africain, long et très ample, aussi bien porté par des hommes que par des femmes. 6 lettres commençant par " b " boubou
59%
De quelle région de France le kabig est-il un manteau traditionnel ? Bretagne
47%
Alliage de cuivre et de zinc laiton
43%
Film d'animation (anglicisme) cartoon
33%
Blouson en nylon développé pour les pilotes de l'United States Air Force et ceux de la Navy - 6 lettres commençant par " b " bomber
28%
Tenue traditionnelle qui se porte en Afrique du Nord et en Orient, caractérisée par une longue et large tunique sans manches et sans capuchon - 8 lettres commençant par " g " voir photo gandoura
13%
Ile grecque de la mer Égée des Cyclades .Selon la tradition, Homère y serait mort et enterré. ios
13%
Exemple, modèle. Définit une personne accomplie, dont les actes sont dignes d'être imités - 8 lettres commençant par " p " parangon
12%
Aucun quiz correspondant
Distribution des résultats
% des personnes avec chaque résultat
Percentile par nombre de réponses
Votre historique - résultats
Vous n’avez pas pris ce quiz